Number Patterns - Statistics

General Stats
  • This quiz has been taken 1,254 times
  • The average score is 10 of 11
Answer Stats
Series Next % Correct
1 3 5 7 9 __ 11
100%
1 2 3 4 5 6 _ 7
100%
10 100 1000 10000 ______ 100000
97%
2 4 6 8 10 12 __ 14
97%
1 2 4 7 11 16 __ 22
95%
100 99 97 94 90 85 __ 79
94%
1 3 2 4 3 5 4 _ 6
93%
64 49 36 25 16 _ 9
92%
1 1 2 3 5 8 13 __ 21
91%
2 3 5 7 11 13 __ 17
87%
1 2 2 4 8 32 ___ 256
86%
No matching quizzes found
Score Distribution
Percent of People with Each Score
Percentile by Number Answered
Your Score History
You have not taken this quiz